Estabilidad y crecimiento, las metas comunes (Registro nro. 18448)

Detalles MARC
000 -LEADER
fixed length control field 00399 a2200133 4500
001 - CONTROL NUMBER
control field ART_43248
005 - DATE AND TIME OF LATEST TRANSACTION
control field 20260410161738.0
008 - FIXED-LENGTH DATA ELEMENTS--GENERAL INFORMATION
fixed length control field 260409a
100 1# - MAIN ENTRY--PERSONAL NAME
Personal name De Pablo, Juan Carlos
245 10 - TITLE STATEMENT
Title Estabilidad y crecimiento, las metas comunes
700 1# - ADDED ENTRY--PERSONAL NAME
Personal name Fraga, Rosendo
700 1# - ADDED ENTRY--PERSONAL NAME
Personal name Blasco, Eduardo
773 0# - HOST ITEM ENTRY
Title Ejecutivos de finanzas
Related parts - Año 7, Nº 58 (ago. 1989)
Record control number REV2863

No hay ítems disponibles.